000 nam a22 7a 4500
999 _c25113
_d25113
008 170130b xxu||||| |||| 00| 0 eng d
020 _a978133362111
020 _a1133362117
050 _aQD 33.2 .Z86 2011
100 _aZumdahl, Steven S.
245 _aPreparatory chemistry CHEM 1301/
_cStven S. Zumdahl and Donald J. Decoste.
260 _aAustralia:
_bCengege learning,
_c2011.
300 _axxiv, 589. :
_bill. ;
_c28cm.
500 _aInclude index.
650 _aChemistry.
700 _aDeCoste, Donald J.
942 _2lcc
_cBOOKS